[Event "1st FIDE OWCCCC Pools-East 2021"]
[Site "Online"]
[Date "2021.02.20"]
[Round "5.54"]
[White "Zeynalli, Aytan"]
[Black "Shamandalie"]
[Result "1/2-1/2"]
[WhiteElo "1175"]
[BlackElo "1505"]
[Annotator "NA RC"]
[PlyCount "90"]
[EventDate "2021.02.19"]
[EventType "team-tourn"]
[EventCountry "NET"]
[SourceTitle "playchess.com"]
[Source "ChessBase"]
[SourceQuality "1"]

1. e4 c5 2. d3 Nc6 3. Nf3 d6 4. Nc3 g6 5. Bd2 Bg7 6. Be2 a6 7. O-O b5 8. a3 Bd7 9. Rb1 Nf6 10. h3 Qc7 11. Nh2 e5 12. f4 Nd4 13. fxe5 dxe5 14. Be3 Nxe2+ 15. Nxe2 O-O 16. Ng3 Rad8 17. Bg5 Qb6 18. Qf3 Nh5 19. Nxh5 gxh5 20. Bxd8 Qxd8 21. Qxh5 Qb6 22. Rf2 c4 23. Rbf1 cxd3 24. cxd3 Be6 25. Kh1 Rc8 26. Ng4 Qd4 27. Nh6+ Bxh6 28. Qxh6 Qxd3 29. Qg5+ Kf8 30. Qh6+ Ke8 31. Qh5 Rc2 32. Rxf7 Bxf7 33. Qxf7+ Kd8 34. Qf8+ Kc7 35. Qe7+ Kb6 36. Rf6+ Rc6 37. Rxc6+ Kxc6 38. Qe6+ Kc7 39. Qxe5+ Kb6 40. Qe6+ Ka5 41. e5 Qf1+ 42. Kh2 Qf4+ 43. Kh1 Qf1+ 44. Kh2 Qf4+ 45. Kh1 Qf1+ 1/2-1/2

[Event "1st FIDE OWCCCC Pools-East 2021"]
[Site "Online"]
[Date "2021.02.20"]
[Round "5.55"]
[White "Rajpara, Utsav"]
[Black "Sharma, Nishtha"]
[Result "1-0"]
[WhiteElo "1488"]
[BlackElo "580"]
[Annotator "NA"]
[PlyCount "47"]
[EventDate "2021.02.19"]
[EventType "team-tourn"]
[EventCountry "NET"]
[SourceTitle "playchess.com"]
[Source "ChessBase"]
[SourceQuality "1"]

1. e4 e5 2. Nf3 Nc6 3. Bc4 a6 4. Nc3 Nf6 5. a3 Bc5 6. h3 d6 7. d3 O-O 8. O-O Be6 9. Bb3 d5 10. exd5 Bxd5 11. Qe2 Nd4 12. Nxd4 Bxd4 13. Bg5 e4 14. Nxd5 exd3 15. Qxd3 Bxb2 16. Ra2 h6 17. Bxf6 gxf6 18. Rxb2 b5 19. Qf5 c5 20. Nxf6+ Kg7 21. Nh5+ Kg8 22. Bd5 Re8 23. Qxf7+ Kh8 24. Qg7# 1-0

[Event "1st FIDE OWCCCC Pools-East 2021"]
[Site "Online"]
[Date "2021.02.20"]
[Round "5.55"]
[White "Veedu, Vimesh"]
[Black "Ponnusamy, Kowsik"]
[Result "0-1"]
[WhiteElo "1295"]
[BlackElo "1679"]
[Annotator "NA"]
[PlyCount "36"]
[EventDate "2021.02.19"]
[EventType "team-tourn"]
[EventCountry "NET"]
[SourceTitle "playchess.com"]
[Source "ChessBase"]
[SourceQuality "1"]

1. e4 e5 2. Qh5 Nf6 3. Qxe5+ Be7 4. Bc4 O-O 5. Nh3 d6 6. Qc3 Nxe4 7. Qf3 d5 8. Bd3 Nc6 9. Bxe4 dxe4 10. Qxe4 Bd6 11. O-O Re8 12. Qf3 Nd4 13. Qc3 Ne2+ 14. Kh1 Nxc3 15. Nxc3 Bxh3 16. gxh3 Qh4 17. b3 Qxh3 18. Kg1 Qxh2# 0-1

[Event "1st FIDE OWCCCC Pools-East 2021"]
[Site "Online"]
[Date "2021.02.20"]
[Round "5.55"]
[White "Hartog, Bjorn"]
[Black "Jabbarov, Farkhan"]
[Result "1-0"]
[WhiteElo "1238"]
[BlackElo "1119"]
[Annotator "NA RC"]
[PlyCount "135"]
[EventDate "2021.02.19"]
[EventType "team-tourn"]
[EventCountry "NET"]
[SourceTitle "playchess.com"]
[Source "ChessBase"]
[SourceQuality "1"]

1. e4 e5 2. Nf3 Nc6 3. Bc4 Nf6 4. d3 h6 5. Be3 d5 6. exd5 Nxd5 7. Bxd5 Qxd5 8. Nc3 Qa5 9. O-O Bb4 10. Bd2 Bg4 11. a3 Bc5 12. Nd5 Bxf3 13. Bxa5 Bxd1 14. Nxc7+ Kd7 15. Nxa8 Bh5 16. b4 Bd4 17. c3 Bxc3 18. Rac1 Bd4 19. Nc7 b6 20. Nb5 bxa5 21. bxa5 Bb2 22. Rc2 a6 23. Rxb2 axb5 24. Rxb5 Rb8 25. Rfb1 Rxb5 26. Rxb5 Bg6 27. a6 Bxd3 28. Rd5+ Kc7 29. Rxd3 Kb6 30. Rd6 Kc7 31. Rd1 Kb6 32. Rd7 Kxa6 33. Rxf7 Nd4 34. Kf1 Kb5 35. Rxg7 Nc2 36. Re7 Nxa3 37. Rxe5+ Kc4 38. Re4+ Kd5 39. Rh4 Nc4 40. Rh5+ Ne5 41. Rxh6 Ke4 42. Re6 Kf5 43. Rxe5+ Kxe5 44. f3 Kf4 45. Kf2 Kg5 46. Ke3 Kh4 47. Kf4 Kh5 48. Kf5 Kh4 49. g3+ Kh3 50. g4 Kxh2 51. g5 Kg3 52. f4 Kf3 53. g6 Kg3 54. g7 Kf3 55. g8=R Ke3 56. Ke5 Kf3 57. f5 Ke3 58. f6 Kd3 59. f7 Kc3 60. f8=R Kd3 61. Rf4 Ke3 62. Re8 Kd3 63. Rf7 Ke3 64. Kf5+ Kf3 65. Kg6+ Kg4 66. Re5 Kg3 67. Rg5+ Kh4 68. Rh7# 1-0

[Event "1st FIDE OWCCCC Pools-East 2021"]
[Site "Online"]
[Date "2021.02.20"]
[Round "5.55"]
[White "Babu, Rajesh"]
[Black "Pandey, Nikhil"]
[Result "1/2-1/2"]
[WhiteElo "1217"]
[BlackElo "1242"]
[Annotator "NA"]
[PlyCount "170"]
[EventDate "2021.02.19"]
[EventType "team-tourn"]
[EventCountry "NET"]
[SourceTitle "playchess.com"]
[Source "ChessBase"]
[SourceQuality "1"]

1. e4 d6 2. Bc4 Nf6 3. d3 g6 4. Bd2 Bg7 5. Bc3 Nbd7 6. Nf3 b6 7. O-O Bb7 8. Nbd2 O-O 9. h3 c5 10. a4 a5 11. Nh2 Re8 12. Re1 Ne5 13. Bxe5 dxe5 14. Bb5 Rf8 15. Nc4 Nh5 16. Ng4 Nf4 17. Qf3 e6 18. b3 f5 19. Nh2 Rc8 20. Rad1 Qd4 21. Qe3 Qxe3 22. Rxe3 Bc6 23. Bxc6 Rxc6 24. Nf3 Rd8 25. Rde1 fxe4 26. dxe4 Nh5 27. Nfxe5 Rcc8 28. Nf3 Rb8 29. e5 Nf4 30. Re4 Nd5 31. Nd6 Nc3 32. R4e3 Nd5 33. Rd3 Nf4 34. Rdd1 Nd5 35. c4 Nb4 36. Nb5 Nc2 37. Rxd8+ Rxd8 38. Rc1 Nd4 39. Rd1 Kf8 40. Nbxd4 cxd4 41. Rxd4 Rxd4 42. Nxd4 Bxe5 43. Nc6 Bg7 44. f4 Ke8 45. g3 Kd7 46. Ne5+ Bxe5 47. fxe5 Kc6 48. Kf2 Kc5 49. Ke3 Kb4 50. Kd4 Kxb3 51. c5 bxc5+ 52. Kxc5 Kxa4 53. Kd6 Kb4 54. Kxe6 a4 55. Kf6 a3 56. e6 a2 57. Kf7 a1=Q 58. e7 Qf1+ 59. Ke8 Kc4 60. Kd8 Kd5 61. e8=Q Qxh3 62. Qg8+ Qe6 63. Qg7 h5 64. Qh6 Qf6+ 65. Kc8 Qf7 66. Qd2+ Ke6 67. Qe2+ Kf5 68. Qf2+ Ke6 69. Qe3+ Kf6 70. Qf4+ Kg7 71. Qd4+ Qf6 72. Qd7+ Qf7 73. Qd4+ Kh7 74. Qe4 Qf5+ 75. Qxf5 gxf5 76. Kc7 Kg6 77. Kd6 Kg5 78. Ke5 Kg4 79. Kd4 Kxg3 80. Ke3 f4+ 81. Ke2 h4 82. Kf1 f3 83. Kg1 f2+ 84. Kh1 Kf3 85. Kh2 f1=Q 1/2-1/2

[Event "1st FIDE OWCCCC Pools-East 2021"]
[Site "Online"]
[Date "2021.02.20"]
[Round "5.55"]
[White "Zelenkovic, Jovan"]
[Black "Satapathy, Ankit"]
[Result "0-1"]
[WhiteElo "1016"]
[BlackElo "1312"]
[Annotator "NA"]
[PlyCount "22"]
[EventDate "2021.02.19"]
[EventType "team-tourn"]
[EventCountry "NET"]
[SourceTitle "playchess.com"]
[Source "ChessBase"]
[SourceQuality "1"]

1. e4 e5 2. Nf3 Nf6 3. Nc3 Nc6 4. Bc4 Nxe4 5. Nxe4 d5 6. Bb5 dxe4 7. Nxe5 Qg5 8. Bxc6+ bxc6 9. Nxc6 Qxg2 10. Ke2 Bg4+ 11. Ke1 Qxh1# 0-1

[Event "1st FIDE OWCCCC Pools-East 2021"]
[Site "Online"]
[Date "2021.02.20"]
[Round "5.56"]
[White "Mohammadi, Pari"]
[Black "Kadwekar, Shraddha"]
[Result "0-1"]
[WhiteElo "1705"]
[BlackElo "1122"]
[Annotator "NA"]
[PlyCount "40"]
[EventDate "2021.02.19"]
[EventType "team-tourn"]
[EventCountry "NET"]
[SourceTitle "playchess.com"]
[Source "ChessBase"]
[SourceQuality "1"]

1. e4 e5 2. Nf3 Nc6 3. Bc4 Qe7 4. a3 d5 5. exd5 e4 6. Ng1 Ne5 7. Ba2 Bg4 8. f3 exf3 9. gxf3 Nxf3+ 10. Kf2 Ne5 11. Qe1 Qf6+ 12. Kg3 O-O-O 13. d4 Bd7 14. dxe5 Qg6+ 15. Kf2 Qf5+ 16. Nf3 Nh6 17. Bxh6 gxh6 18. e6 Bc5+ 19. Kg3 Rhg8+ 20. Kh4 Qg4# 0-1

[Event "1st FIDE OWCCCC Pools-East 2021"]
[Site "Online"]
[Date "2021.02.20"]
[Round "5.56"]
[White "Maity, Rupesh"]
[Black "Gcl, Abhiraman"]
[Result "0-1"]
[WhiteElo "1478"]
[BlackElo "1526"]
[Annotator "NA"]
[PlyCount "130"]
[EventDate "2021.02.19"]
[EventType "team-tourn"]
[EventCountry "NET"]
[SourceTitle "playchess.com"]
[Source "ChessBase"]
[SourceQuality "1"]

1. e4 e5 2. Nf3 Nc6 3. Bc4 Nd4 4. c3 Nxf3+ 5. Qxf3 d5 6. Bxd5 Nf6 7. h3 Be6 8. Bxb7 Rb8 9. Bc6+ Bd7 10. Bxd7+ Qxd7 11. d3 Be7 12. Qg3 g6 13. Qxe5 Qxd3 14. Qd4 Qxe4+ 15. Qxe4 Nxe4 16. O-O Nd6 17. Re1 Kd7 18. b4 Rhe8 19. Be3 Bf6 20. Kf1 a6 21. Bd4 Rxe1+ 22. Kxe1 Bxd4 23. cxd4 Rxb4 24. Nd2 Rxd4 25. Nf3 Re4+ 26. Kd2 Re7 27. a4 h6 28. a5 Ne4+ 29. Ke3 Nc5+ 30. Kf4 g5+ 31. Kg4 Kc8 32. Kh5 Re6 33. Nd4 Rf6 34. f3 Nd3 35. Kg4 Rf4+ 36. Kg3 Rxd4 37. Rd1 Rd6 38. h4 Nc5 39. Rc1 Nb3 40. Rc3 Nxa5 41. Ra3 Rd5 42. hxg5 Rxg5+ 43. Kf4 Kb7 44. g4 Nc6 45. Rb3+ Rb5 46. Rd3 a5 47. Rd7 a4 48. Rxf7 a3 49. Rd7 a2 50. Rd1 Rb1 51. Rxb1+ axb1=Q 52. g5 hxg5+ 53. Kxg5 Ne7 54. f4 Qf5+ 55. Kh4 c6 56. Kg3 c5 57. Kf3 c4 58. Ke2 Qxf4 59. Kd1 Qd4+ 60. Ke2 Qd3+ 61. Ke1 c3 62. Kf2 c2 63. Kg2 c1=Q 64. Kf2 Qb2+ 65. Ke1 Qdb1# 0-1

[Event "1st FIDE OWCCCC Pools-East 2021"]
[Site "Online"]
[Date "2021.02.20"]
[Round "5.56"]
[White "Hajiagabayli, Farid"]
[Black "Shital, Shiva"]
[Result "1-0"]
[WhiteElo "1439"]
[BlackElo "176"]
[Annotator "NA RC"]
[PlyCount "55"]
[EventDate "2021.02.19"]
[EventType "team-tourn"]
[EventCountry "NET"]
[SourceTitle "playchess.com"]
[Source "ChessBase"]
[SourceQuality "1"]

1. e4 e5 2. Nf3 Nf6 3. Nc3 d6 4. Bc4 Be6 5. Bxe6 fxe6 6. d3 Nc6 7. O-O Qd7 8. Nh4 O-O-O 9. Qf3 Qf7 10. Bg5 h6 11. Bxf6 gxf6 12. Qe2 Qg7 13. Na4 Qf7 14. c3 f5 15. exf5 exf5 16. Qf3 Ne7 17. Rfe1 Kb8 18. c4 Rg8 19. c5 Nc6 20. cxd6 Rxd6 21. Qxf5 Qe8 22. Nc5 Rd5 23. Ne6 Nd8 24. Nxd8 Rxd8 25. Rxe5 Qd7 26. Qxd7 Rxd7 27. Re8+ Rd8 28. Rxd8# 1-0

[Event "1st FIDE OWCCCC Pools-East 2021"]
[Site "Online"]
[Date "2021.02.20"]
[Round "5.56"]
[White "Parag V Karlekar"]
[Black "Spremo, Darko"]
[Result "1/2-1/2"]
[WhiteElo "1117"]
[BlackElo "1063"]
[Annotator "NA"]
[PlyCount "91"]
[EventDate "2021.02.19"]
[EventType "team-tourn"]
[EventCountry "NET"]
[SourceTitle "playchess.com"]
[Source "ChessBase"]
[SourceQuality "1"]

1. e4 e5 2. Nf3 d6 3. d4 exd4 4. Nxd4 Nc6 5. Nxc6 bxc6 6. Nd2 d5 7. exd5 cxd5 8. Qe2+ Be6 9. b3 Nf6 10. g3 g6 11. Bg2 Bd6 12. O-O O-O 13. c4 Rc8 14. Bb2 Bg4 15. Bf3 Bh3 16. Bg2 Bxg2 17. Kxg2 dxc4 18. Nxc4 c5 19. Rad1 Re8 20. Qf3 Re6 21. Nxd6 Rxd6 22. Bxf6 Qxf6 23. Qb7 Rcd8 24. Rxd6 Rxd6 25. Re1 Rd2 26. Qf3 Kg7 27. a4 Rb2 28. Re3 Qxf3+ 29. Kxf3 f5 30. Re7+ Kf6 31. Rxa7 Rxb3+ 32. Kg2 c4 33. Ra6+ Ke5 34. Ra8 c3 35. a5 c2 36. Rc8 Rb2 37. Rc5+ Kd4 38. Rc7 Kd3 39. a6 Kd2 40. a7 Ra2 41. Rd7+ Kc3 42. Rc7+ Kb2 43. Rb7+ Kc3 44. Rc7+ Kd2 45. Rd7+ Kc3 46. Rc7+ 1/2-1/2

[Event "1st FIDE OWCCCC Pools-East 2021"]
[Site "Online"]
[Date "2021.02.20"]
[Round "5.56"]
[White "N, Shehnaaz"]
[Black "Sahi, Sheelani"]
[Result "0-1"]
[WhiteElo "762"]
[BlackElo "1008"]
[Annotator "NA RC"]
[PlyCount "90"]
[EventDate "2021.02.19"]
[EventType "team-tourn"]
[EventCountry "NET"]
[SourceTitle "playchess.com"]
[Source "ChessBase"]
[SourceQuality "1"]

1. e4 e5 2. Nf3 Nc6 3. d4 Bd6 4. Bc4 Nf6 5. Ng5 O-O 6. dxe5 Nxe5 7. Bf4 h6 8. Nh3 Nxc4 9. Qd4 b5 10. b3 c5 11. Qd3 Nb2 12. Qc3 Qe7 13. Qxb2 Nxe4 14. g3 Nxg3+ 15. Kd2 Nxh1 16. Be3 Be5 17. c3 b4 18. Qc1 Qd6+ 19. Kc2 bxc3 20. Qxh1 Bb7 21. Qxb7 Rab8 22. Qxa7 c4 23. Na3 Qd3+ 24. Kc1 Qf1+ 25. Kc2 Qxa1 26. Bc1 Qxa2+ 27. Kd1 Qxb3+ 28. Nc2 Rfe8 29. Qxd7 Bf6 30. Nf4 Rbd8 31. Qd2 Rxd2+ 32. Bxd2 cxd2 33. Kxd2 Rd8+ 34. Kc1 Qd3 35. Kb1 Ra8 36. Nxd3 cxd3 37. Ne3 d2 38. f3 Bg5 39. f4 Bxf4 40. Nc4 d1=Q+ 41. Kb2 Be5+ 42. Nxe5 Qd4+ 43. Kc2 Rc8+ 44. Kb3 Qb6+ 45. Ka4 Ra8# 0-1

[Event "1st FIDE OWCCCC Pools-East 2021"]
[Site "Online"]
[Date "2021.02.20"]
[Round "5.57"]
[White "Nachiket, Paturkar"]
[Black "Mayank Singhania"]
[Result "0-1"]
[WhiteElo "2050"]
[BlackElo "1039"]
[Annotator "NA"]
[PlyCount "80"]
[EventDate "2021.02.19"]
[EventType "team-tourn"]
[EventCountry "NET"]
[SourceTitle "playchess.com"]
[Source "ChessBase"]
[SourceQuality "1"]

1. e4 d5 2. exd5 Nf6 3. Nf3 Nxd5 4. Bc4 e6 5. O-O Be7 6. Re1 O-O 7. d4 c5 8. c3 cxd4 9. cxd4 Nc6 10. Nc3 Bf6 11. Nxd5 exd5 12. Bd3 Bg4 13. Be3 Rc8 14. h3 Bxf3 15. Qxf3 g6 16. Rad1 Nxd4 17. Bxd4 Bxd4 18. b3 Rc6 19. Bb5 Rf6 20. Rxd4 Rxf3 21. gxf3 Qa5 22. Re5 Qxb5 23. Rexd5 Qc6 24. Kg2 Re8 25. Rd2 Kg7 26. b4 Re1 27. a3 Qc1 28. f4 Rg1+ 29. Kf3 Qxa3+ 30. R2d3 Qxb4 31. f5 Qh4 32. Ke2 Rg2 33. f6+ Kxf6 34. Rd6+ Kg7 35. Rf3 Qe4+ 36. Re3 Qc4+ 37. Kf3 Rg5 38. Rdd3 a5 39. Rc3 Qd5+ 40. Ke2 Re5 0-1

[Event "1st FIDE OWCCCC Pools-East 2021"]
[Site "Online"]
[Date "2021.02.20"]
[Round "5.57"]
[White "Poslusny, Martin"]
[Black "The, Sanket"]
[Result "1-0"]
[WhiteElo "1917"]
[BlackElo "1394"]
[Annotator "NA"]
[PlyCount "113"]
[EventDate "2021.02.19"]
[EventType "team-tourn"]
[EventCountry "NET"]
[SourceTitle "playchess.com"]
[Source "ChessBase"]
[SourceQuality "1"]

1. d4 d5 2. Nf3 Nf6 3. c4 e6 4. Nc3 Nc6 5. e3 Bb4 6. a3 Ba5 7. b4 Nxb4 8. axb4 Bxb4 9. Qa4+ Bd7 10. Qxb4 b6 11. Be2 a5 12. Qa3 c6 13. O-O Qc7 14. Ne5 c5 15. Nxd7 Nxd7 16. cxd5 exd5 17. Nxd5 Qd6 18. Bf3 Rb8 19. Bb2 O-O 20. dxc5 Nxc5 21. Rad1 Qe6 22. Qc3 f6 23. Nc7 Qe7 24. Nb5 Kh8 25. Ba3 Rbc8 26. Bxc5 Rxc5 27. Qb2 Rfc8 28. Rc1 h6 29. h3 f5 30. Nd4 Qe5 31. Rxc5 bxc5 32. Qb7 Rc7 33. Qb8+ Kh7 34. Nb5 Re7 35. Qxe5 Rxe5 36. Ra1 c4 37. Nc3 Rc5 38. Ra4 Kg6 39. Be2 Re5 40. Rxc4 Kg5 41. Kh2 g6 42. Kg3 h5 43. h4+ Kh6 44. Kf4 Re6 45. Ra4 Rc6 46. Nd5 Rc2 47. Kf3 g5 48. hxg5+ Kxg5 49. Rxa5 h4 50. Ne7 Kf6 51. Nxf5 h3 52. gxh3 Rc7 53. h4 Rh7 54. e4 Ke6 55. Kf4 Rf7 56. h5 Kf6 57. Ra6# 1-0

[Event "1st FIDE OWCCCC Pools-East 2021"]
[Site "Online"]
[Date "2021.02.20"]
[Round "5.57"]
[White "Tibor, Both"]
[Black "Markus, Volodymyr"]
[Result "1-0"]
[WhiteElo "1424"]
[BlackElo "1259"]
[Annotator "NA RC"]
[PlyCount "89"]
[EventDate "2021.02.19"]
[EventType "team-tourn"]
[EventCountry "NET"]
[SourceTitle "playchess.com"]
[Source "ChessBase"]
[SourceQuality "1"]

1. e4 e5 2. Bc4 Bc5 3. Nf3 d6 4. h3 Nf6 5. O-O Nxe4 6. d3 Ng3 7. Re1 Qf6 8. d4 Bb6 9. fxg3 O-O 10. Rf1 h6 11. Kh1 Qg6 12. g4 Qe4 13. Bd3 Qc6 14. dxe5 dxe5 15. Nxe5 Qe6 16. Re1 Nc6 17. Nc4 Qf6 18. Nxb6 axb6 19. Nc3 Be6 20. Rf1 Qh4 21. Qf3 Ne5 22. Qf2 Qe7 23. Bf4 Nxd3 24. cxd3 c6 25. Rae1 Qd7 26. Qxb6 Rad8 27. Rd1 Qe7 28. b3 Bd5 29. Nxd5 Rxd5 30. Rfe1 Qh4 31. Qxb7 Rxd3 32. Qxc6 Rxd1 33. Rxd1 Qf6 34. Qxf6 gxf6 35. Rb1 Kh7 36. b4 Rd8 37. b5 Rd4 38. g3 Ra4 39. b6 Rxa2 40. b7 Re2 41. b8=Q Re6 42. Qf8 f5 43. Qxf7+ Kh8 44. Rb8+ Re8 45. Rxe8# 1-0

[Event "1st FIDE OWCCCC Pools-East 2021"]
[Site "Online"]
[Date "2021.02.20"]
[Round "5.57"]
[White "Kancharla, Kalyan K"]
[Black "Manini, Paolo"]
[Result "1-0"]
[WhiteElo "1150"]
[BlackElo "1727"]
[Annotator "NA RC"]
[PlyCount "45"]
[EventDate "2021.02.19"]
[EventType "team-tourn"]
[EventCountry "NET"]
[SourceTitle "playchess.com"]
[Source "ChessBase"]
[SourceQuality "1"]

1. e4 c6 2. d4 d5 3. exd5 cxd5 4. Bd3 Nc6 5. c3 Nf6 6. Bf4 e6 7. Nd2 a6 8. Ngf3 b5 9. a4 b4 10. O-O Qb6 11. Qe2 a5 12. Ne5 Bb7 13. Rfc1 Be7 14. Nxc6 Bxc6 15. cxb4 axb4 16. Rxc6 Qxd4 17. Be5 Qa7 18. Rc7 Qb6 19. Bb5+ Kf8 20. Rac1 g6 21. R1c6 Qa5 22. Nb3 Qxc7 23. Rxc7 1-0

[Event "1st FIDE OWCCCC Pools-East 2021"]
[Site "Online"]
[Date "2021.02.20"]
[Round "5.57"]
[White "Kotak, Chandni"]
[Black "mwadhwa"]
[Result "0-1"]
[WhiteElo "1038"]
[BlackElo "1210"]
[Annotator "NA RC"]
[PlyCount "72"]
[EventDate "2021.02.19"]
[EventType "team-tourn"]
[EventCountry "NET"]
[SourceTitle "playchess.com"]
[Source "ChessBase"]
[SourceQuality "1"]

1. e3 d5 2. f4 e6 3. c3 Nf6 4. b4 b6 5. Qa4+ Bd7 6. Bb5 Bd6 7. Nf3 h6 8. Bb2 a6 9. Bd3 Bxa4 10. c4 Bxb4 11. Nd4 dxc4 12. Be4 Bc6 13. Nxc6 Qd6 14. Be5 Qc5 15. Bd4 Qb5 16. Bxf6 gxf6 17. O-O Nxc6 18. Bf3 Rd8 19. Nc3 Bxc3 20. dxc3 Rd3 21. h3 Rxe3 22. Rad1 Rxc3 23. Ra1 Nd4 24. Rab1 Qc5 25. Kh2 Nxf3+ 26. gxf3 Rc2+ 27. Kg3 Rg8+ 28. Kh4 e5 29. Rg1 Rxg1 30. Rxg1 exf4 31. Rg8+ Ke7 32. Rg4 Qf2+ 33. Kh5 Qxf3 34. a4 Qxh3+ 35. Rh4 Qf5+ 36. Kxh6 Qg6# 0-1

[Event "1st FIDE OWCCCC Pools-East 2021"]
[Site "Online"]
[Date "2021.02.20"]
[Round "5.58"]
[White "Povashevich, Nataliya"]
[Black "Ferencz, Renata"]
[Result "1-0"]
[WhiteElo "1449"]
[BlackElo "1049"]
[Annotator "NA RC"]
[PlyCount "73"]
[EventDate "2021.02.19"]
[EventType "team-tourn"]
[EventCountry "NET"]
[SourceTitle "playchess.com"]
[Source "ChessBase"]
[SourceQuality "1"]

1. e4 Nc6 2. Bc4 Nf6 3. d3 e6 4. Nf3 h6 5. O-O b6 6. c3 Bb7 7. b4 Qe7 8. a4 O-O-O 9. Ba3 d6 10. Nbd2 g6 11. Qc2 Kb8 12. d4 h5 13. h3 Qd7 14. Rfd1 Bh6 15. e5 Ne8 16. Bb3 Rf8 17. Rab1 Ng7 18. Ne4 Nf5 19. Bc1 Nh4 20. Nxh4 g5 21. Bxg5 Bxg5 22. Nxg5 f6 23. exf6 a6 24. Bxe6 Qe7 25. fxe7 Rfe8 26. exd8=Q+ Rxd8 27. Re1 b5 28. axb5 Na7 29. bxa6 Bxa6 30. c4 Rd7 31. Bxd7 Kb7 32. b5 Kb8 33. bxa6+ Ka8 34. Qe4+ c6 35. Bxc6+ Nxc6 36. Qxc6+ Ka7 37. Qb7# 1-0

[Event "1st FIDE OWCCCC Pools-East 2021"]
[Site "Online"]
[Date "2021.02.20"]
[Round "5.58"]
[White "Tandasi, Vinay"]
[Black "Agarwal, Kunal"]
[Result "1-0"]
[WhiteElo "1255"]
[BlackElo "1275"]
[Annotator "NA RC"]
[PlyCount "99"]
[EventDate "2021.02.19"]
[EventType "team-tourn"]
[EventCountry "NET"]
[SourceTitle "playchess.com"]
[Source "ChessBase"]
[SourceQuality "1"]

1. e4 e6 2. d4 Nc6 3. e5 d5 4. Nf3 Nh6 5. a3 f6 6. exf6 Qxf6 7. Bg5 Qg6 8. Bd3 Qh5 9. Be2 Ng4 10. Qd2 h6 11. Bh4 g5 12. Bg3 Bg7 13. c3 Kd8 14. h3 Bd7 15. Ne5 Ncxe5 16. dxe5 Qg6 17. hxg4 Qe4 18. O-O Ke7 19. Bd3 Qxg4 20. Be2 Qe4 21. Bf3 Qc4 22. b3 Qxb3 23. Bd1 Qc4 24. Be2 Qe4 25. Bd3 Qa4 26. Bc2 Qb5 27. Bd3 Qb2 28. Qxb2 b6 29. Nd2 h5 30. Qb4+ Kd8 31. Bh2 h4 32. Nf3 g4 33. Nd2 c5 34. Qxg4 Kc7 35. Qxg7 Rag8 36. Qf6 Rh5 37. Qf3 Rhg5 38. g4 Rxg4+ 39. Kh1 c4 40. Be2 Bc6 41. Rg1 d4 42. Ne4 Bxe4 43. Rxg4 Bxf3+ 44. Bxf3 Rf8 45. Bf4 d3 46. Rd1 a5 47. Rxh4 b5 48. Be4 Kb6 49. f3 Kc5 50. Be3# 1-0

[Event "1st FIDE OWCCCC Pools-East 2021"]
[Site "Online"]
[Date "2021.02.20"]
[Round "5.58"]
[White "Ginnela, Rajitha"]
[Black "Kamenik, David"]
[Result "0-1"]
[WhiteElo "825"]
[BlackElo "1802"]
[Annotator "NA"]
[PlyCount "82"]
[EventDate "2021.02.19"]
[EventType "team-tourn"]
[EventCountry "NET"]
[SourceTitle "playchess.com"]
[Source "ChessBase"]
[SourceQuality "1"]

1. e4 d5 2. exd5 Nf6 3. Nc3 Nxd5 4. Nxd5 Qxd5 5. d4 Nc6 6. Nf3 Bg4 7. Be2 O-O-O 8. O-O e6 9. h3 Bxf3 10. Bxf3 Qxd4 11. Qxd4 Nxd4 12. Be3 Nxf3+ 13. gxf3 b6 14. Rad1 Be7 15. a3 Bf6 16. b3 Rd5 17. Rxd5 exd5 18. Rd1 c6 19. c4 dxc4 20. bxc4 Rd8 21. Rxd8+ Kxd8 22. c5 b5 23. Bd2 Bd4 24. Bb4 Kd7 25. Kf1 Ke6 26. Ke2 Kd5 27. f4 Bxc5 28. Bxc5 Kxc5 29. Kd3 f5 30. Ke3 a5 31. Kd3 b4 32. axb4+ axb4 33. Kc2 Kc4 34. Kb2 b3 35. f3 Kb4 36. h4 h5 37. Kb1 Kc3 38. Kc1 c5 39. Kb1 b2 40. Ka2 Kc2 41. Ka3 b1=Q 0-1

[Event "1st FIDE OWCCCC Pools-East 2021"]
[Site "Online"]
[Date "2021.02.20"]
[Round "5.58"]
[White "ustechsol-Yadav"]
[Black "Giri, Ganesh"]
[Result "0-1"]
[WhiteElo "337"]
[BlackElo "1357"]
[Annotator "NA"]
[PlyCount "46"]
[EventDate "2021.02.19"]
[EventType "team-tourn"]
[EventCountry "NET"]
[SourceTitle "playchess.com"]
[Source "ChessBase"]
[SourceQuality "1"]

1. d4 Nf6 2. e3 e6 3. Nf3 c5 4. c3 Nc6 5. Qa4 a6 6. Nbd2 Be7 7. e4 O-O 8. e5 Nd5 9. Nc4 cxd4 10. cxd4 b5 11. Qc2 bxc4 12. Qxc4 Bb7 13. Qa4 d6 14. Qb3 Qc7 15. h4 dxe5 16. dxe5 Rab8 17. Qd3 Nxe5 18. Qe4 Nxf3+ 19. gxf3 Bb4+ 20. Bd2 Bxd2+ 21. Kxd2 Rfd8 22. Rc1 Nf4+ 23. Ke3 Qxc1# 0-1

[Event "1st FIDE OWCCCC Pools-East 2021"]
[Site "Online"]
[Date "2021.02.20"]
[Round "5.59"]
[White "Salem, A.R. Saleh"]
[Black "Biloskurskyi, Orest"]
[Result "0-1"]
[WhiteElo "2682"]
[BlackElo "1375"]
[Annotator "TA"]
[PlyCount "90"]
[EventDate "2021.02.19"]
[EventType "team-tourn"]
[EventCountry "NET"]
[SourceTitle "playchess.com"]
[Source "ChessBase"]
[SourceQuality "1"]

1. e4 e5 2. d4 exd4 3. Qxd4 Nc6 4. Qe3 Nf6 5. Nc3 b5 6. Bxb5 Bb4 7. Bd2 Bxc3 8. Bxc3 O-O 9. Nf3 Rb8 10. Bd3 Re8 11. O-O d6 12. Rae1 Bg4 13. Nd2 Bc8 14. Qg3 Nh5 15. Qf3 Qg5 16. Be2 Qg4 17. Qxg4 Bxg4 18. Bxg4 Nf4 19. h3 Ne6 20. Nf3 g6 21. e5 d5 22. Bd2 Rxb2 23. h4 Rxa2 24. h5 gxh5 25. Bxh5 Rxc2 26. g4 Ned4 27. g5 Nxf3+ 28. Bxf3 Rxd2 29. Kg2 Rxe5 30. g6 Rg5+ 31. Kh3 Rxg6 32. Kh4 Rd4+ 33. Kh3 Rf4 34. Bh5 Rgf6 35. Rg1+ Kf8 36. f3 R6f5 37. Bg4 Rg5 38. Kh4 h6 39. Kg3 Rc4 40. f4 Rc3+ 41. Kh4 Rg6 42. f5 Rg5 43. Ref1 f6 44. Re1 Ne5 45. Bh3 Nf3# 0-1

[Event "1st FIDE OWCCCC Pools-East 2021"]
[Site "Online"]
[Date "2021.02.20"]
[Round "5.59"]
[White "Smajzrova, Veronika"]
[Black "Arun Prasad, S.."]
[Result "1-0"]
[WhiteElo "1858"]
[BlackElo "2507"]
[Annotator "ChessBase"]
[PlyCount "61"]
[EventDate "2021.02.19"]
[EventType "team-tourn"]
[EventCountry "NET"]
[SourceTitle "playchess.com"]
[Source "ChessBase"]
[SourceQuality "1"]

1. e4 c5 2. Nc3 d6 3. f4 Nc6 4. Nf3 e5 5. Bc4 a6 6. a4 exf4 7. d3 Ne5 8. Bxf4 Nxf3+ 9. Qxf3 Nf6 10. O-O Be7 11. Nd5 O-O 12. Nxe7+ Qxe7 13. Bg5 Be6 14. Bxf6 gxf6 15. Qh5 Kh8 16. Rf4 Rg8 17. Raf1 Rg6 18. Rh4 Rg7 19. Rf3 Rag8 20. Rg3 b5 21. axb5 axb5 22. Bxb5 d5 23. Rxg7 Rxg7 24. Qf3 f5 25. Rf4 dxe4 26. dxe4 c4 27. exf5 Qc5+ 28. Qf2 Qxb5 29. fxe6 fxe6 30. Rf8+ Rg8 31. Qf6# 1-0

[Event "1st FIDE OWCCCC Pools-East 2021"]
[Site "Online"]
[Date "2021.02.20"]
[Round "5.59"]
[White "Mokashi, Pradyumna"]
[Black "Arora, Sanjari"]
[Result "1-0"]
[WhiteElo "1324"]
[BlackElo "398"]
[Annotator "NA RC"]
[PlyCount "45"]
[EventDate "2021.02.19"]
[EventType "team-tourn"]
[EventCountry "NET"]
[SourceTitle "playchess.com"]
[Source "ChessBase"]
[SourceQuality "1"]

1. d4 e5 2. dxe5 d5 3. exd6 cxd6 4. e4 Bg4 5. Qxg4 Nh6 6. Qf3 Nc6 7. Bxh6 gxh6 8. Bc4 Ne5 9. Qb3 Nxc4 10. Qxc4 Bg7 11. Nc3 O-O 12. O-O-O Rc8 13. Qb4 h5 14. Nge2 Re8 15. Qxd6 Rc6 16. Qxd8 Kf8 17. Qg5 Rg6 18. Qc5+ Kg8 19. Rd7 Bh6+ 20. Kb1 Rg5 21. Qc4 b5 22. Qxf7+ Kh8 23. Qxh7# 1-0